| 000 | 01015nam a2200313 a 4500 | ||
|---|---|---|---|
| 005 | 20150717112857.0 | ||
| 008 | 870309s1987 ilua b 001 0 eng 0 | ||
| 010 | _a 87005928 | ||
| 020 |
_a0226279154 (pbk. : alk. paper) : _c$12.00 (est.) |
||
| 020 |
_a0226279146 (alk. paper) : _c$36.00 (est.) |
||
| 035 | _aABK9599LB | ||
| 035 | _a(OCoLC)ocm15421534 | ||
| 040 |
_aDLC _cDLC _dSMI _dWaOLN |
||
| 049 |
_aSMIH _l39088005642707 _aSMIL _l39088005642715 |
||
| 050 | 0 | 0 |
_aQC6 _b.G22 1987X |
| 099 | _aQC6.G22 1987X | ||
| 100 | 1 |
_aGalison, Peter, _d1955- _913903 |
|
| 245 | 1 | 0 |
_aHow experiments end / _cPeter Galison. |
| 260 |
_aChicago : _bUniversity of Chicago Press, _cc1987. |
||
| 300 |
_axii, 330 p. : _bill. ; _c25 cm. |
||
| 500 | _aIncludes index. | ||
| 504 | _aBibliography: p. 285-307. | ||
| 650 | 0 |
_aPhysics _xMethodology _915839 |
|
| 650 | 0 |
_aPhysics _xExperiments _918373 |
|
| 650 | 0 |
_aPhysics _xPhilosophy _918374 |
|
| 650 | 0 |
_aScience _xHistory _918375 |
|
| 942 |
_2lcc _cMONOGRAPH |
||
| 945 | _anps | ||
| 999 |
_c122995 _d122995 |
||